Techniques and principles in language teaching /

Bibliographic Details
Main Author: Larsen-Freeman, Diane
Other Authors: Campbell, Russell N. (series editior.), Rutherford, William E. (series editor.)
Format: Book
Language:English
Published: New York, N.Y., USA : Oxford University Press, 2000 [reprinted 2004].
Edition:Second edition.
Series:Teaching techniques in English as a second language
Subjects:
Classic Catalogue: View this record in Classic Catalogue
LEADER 02685nam a2200421 a 4500
001 13363
003 BD-DhAAL
008 090823r20042000nyua b 000 0 eng d
010 |a  85018872  
020 |a 0195670159 
020 |a 019434133X (pbk.) 
020 |a 9780194355742 
040 |a DLC  |c DLC  |d DLC  |d BD-DhAAL 
082 0 0 |a 428.007 
100 2 |a Larsen-Freeman, Diane.  |9 34150 
245 1 0 |a Techniques and principles in language teaching /  |c Diane Larsen-Freeman. 
250 |a Second edition. 
260 |a New York, N.Y., USA :  |b Oxford University Press,  |c 2000 [reprinted 2004]. 
300 |a xv, 189 pages :  |b illustrations ;  |c 23 cm 
490 0 |a Teaching techniques in English as a second language 
500 |a Indian edition. 
504 |a Includes bibliographical references. 
526 |a BIED 
541 1 |a Complimentary copy from BIED (35331)  |e 13363, 13364, 13365, 13385, 13386, 19373, 35331 
650 0 |a English language  |x Study and teaching  |x Foreign speakers. 
700 |a Campbell, Russell N.,  |e series editior.  |9 57296 
700 |a Rutherford, William E.,  |e series editor.  |9 57297 
830 |a Teaching techniques in English as a second language  |9 57298 
852 4 |a Ayesha Abed Library  |c General Stacks 
942 |2 ddc  |c BK 
999 |c 3341  |d 3341 
952 |0 0  |1 0  |2 ddc  |4 0  |6 428_007000000000000_LAR  |7 0  |9 3032  |a BRACUL  |b BRACUL  |c GEN  |d 2009-08-31  |g 225.00  |l 15  |m 99  |o 428.007 LAR  |p 3010013386  |r 2026-04-19  |s 2026-02-01  |t 5  |v 450.00  |w 2009-08-31  |y BK 
952 |0 0  |1 0  |2 ddc  |4 1  |6 428_007000000000000_LAR_2004  |7 0  |9 4357  |a ENH  |b ENH  |d 2009-10-15  |l 1  |o 428.007 LAR  |p 3010019373  |r 2014-05-14  |s 2013-02-18  |t 6  |w 2009-10-15  |y BK  |x Departmental-issued damaged books were found in the ENH department for the reason of termites eaten in 2016 
952 |0 0  |1 0  |2 ddc  |4 0  |6 428_007000000000000_LAR  |7 0  |9 8787  |a BRACUL  |b BRACUL  |c GEN  |d 2010-03-24  |g 225.00  |l 15  |m 86  |o 428.007 LAR  |p 3010013364  |r 2026-05-18  |s 2026-03-02  |t 2  |w 2010-03-24  |y BK 
952 |0 0  |1 0  |2 ddc  |4 0  |6 428_007000000000000_LAR  |7 0  |9 8929  |a BRACUL  |b BRACUL  |c GEN  |d 2010-04-04  |g 225.00  |l 14  |m 81  |o 428.007 LAR  |p 3010013365  |r 2026-05-15  |s 2026-02-01  |t 3  |w 2010-04-04  |y BK 
952 |0 0  |1 0  |2 ddc  |4 0  |6 428_007000000000000_LAR  |7 0  |9 9772  |a BRACUL  |b BRACUL  |c GEN  |d 2010-05-05  |g 225.00  |l 18  |m 102  |o 428.007 LAR  |p 3010013385  |r 2026-04-19  |s 2026-01-29  |t 4  |w 2010-05-05  |y BK 
952 |0 0  |1 0  |2 ddc  |4 0  |6 428_007000000000000_LAR  |7 0  |9 9773  |a BRACUL  |b BRACUL  |c GEN  |d 2010-05-05  |g 225.00  |l 11  |m 54  |o 428.007 LAR  |p 3010013363  |r 2026-02-22  |s 2026-02-18  |t 1  |w 2010-05-05  |y BK 
952 |0 0  |1 0  |2 ddc  |4 0  |6 428_007000000000000_LAR  |7 0  |9 66170  |a BRACUL  |b BRACUL  |c GEN  |d 2019-09-08  |e Complimentary copy from BIED  |l 3  |m 48  |o 428.007 LAR  |p 3010035331  |r 2026-05-19  |s 2026-01-19  |t 7  |w 2019-09-08  |y BK  |x Transferred from BIED to General Stacks